| 000 | 01396cam a22002651i 4500 | ||
|---|---|---|---|
| 003 | SA-RiAUC | ||
| 005 | 20241020152938.0 | ||
| 008 | 241020s2003 ||| g 000 0bara c | ||
| 040 |
_aEG-CaDAJ _bara _cSA-RiAUC _erda |
||
| 082 | 0 | 4 | _a239 |
| 090 |
_a239 _bخ ر ك |
||
| 100 | 1 |
_aالخركوشي، عبد الملك بن محمد بن إبراهيم، _dتوفي 407 هجري _eمؤلف. |
|
| 245 | 1 | 0 |
_aمناحل الشفا ومناهل الصفا بتحقيق كتاب شرف المصطفى صلى الله عليه وسلم / _cأبو سعد عبد الملك النيسابوري الخركوشي ؛ رواية أبي القاسم عبد الكريم القشيري. |
| 264 | 1 |
_a[مكان النشر غير محدد] : _bعبد الملك بن محمد بن إبراهيم الخركوشي، _c2003 |
|
| 300 |
_a6 مجلد؛ _c24سم. |
||
| 336 |
_aنص _btxt _2rdacontent _3كتاب |
||
| 337 |
_aبدون وسيط _bn _2rdamedia |
||
| 338 |
_aمجلد _bnc _2rdacarrier |
||
| 600 | 0 | 7 |
_aمحمد (صلى الله عليه وسلم)، _d53 قبل الهجرة-11 هجري _2aucnm |
| 650 | 7 |
_aالسيرة النبوية _2aucsh |
|
| 700 | 1 |
_aالقشيري، عبد الكريم بن هوازن بن عبد الملك، _d376-465 هجري _eراوي. |
|
| 740 | 0 | _aشرف المصطفى صلى الله عليه وسلم. | |
| 942 |
_2ddc _cBOOK _n0 |
||
| 949 |
_aSA-JeALM _d241020 _ueid123 _n1 |
||
| 999 |
_c1522 _d1522 |
||